[Event "AUTO-ADV-32"]
[Site "http://www.queenalice.com/game.php?id=8580"]
[Date "2005.4.2"]
[Round "1"]
[White "ashmaster"]
[Black "Pannonius"]
[Result "0-1"]
[WhiteElo "1245"]
[BlackElo "1543"]

1. e4 e5 2. Nf3 Nc6 3. Bb5 a6 4. Bxc6 dxc6 5. O-O f6 6. Nc3 Bd6 7. d3 Ne7 8. h3
O-O 9. a3 Ng6 10. b4 f5 11. Bg5 Be7 12. Bxe7 Qxe7 13. exf5 Bxf5 14. Re1 Rae8 15.
d4 e4 16. Qd2 Qf6 0-1

[Event "AUTO-ADV-32"]
[Site "http://www.queenalice.com/game.php?id=8597"]
[Date "2005.4.2"]
[Round "1"]
[White "ashmaster"]
[Black "NimbleKnight"]
[Result "0-1"]
[WhiteElo "1260"]
[BlackElo "1657"]

1. e4 e6 2. d4 d5 3. exd5 exd5 4. Qe2+ Qe7 5. Qxe7+ Bxe7 6. Nc3 Nf6 7. Bf4 c6 8.
Bxb8 Rxb8 9. O-O-O O-O 10. Re1 Bd6 11. Bd3 Bd7 12. Nf3 Rfe8 13. Rxe8+ Rxe8 14.
Ng5 Bf4+ 15. Kd1 Bxg5 16. Re1 Rxe1+ 17. Kxe1 Bf4 18. g3 Bd6 19. f4 Bb4 20. a3
Bxc3+ 21. bxc3 h6 0-1

[Event "AUTO-ADV-32"]
[Site "http://www.queenalice.com/game.php?id=8598"]
[Date "2005.4.2"]
[Round "1"]
[White "NimbleKnight"]
[Black "ashmaster"]
[Result "1-0"]
[WhiteElo "1657"]
[BlackElo "1260"]

1. e4 e5 2. Nf3 Nf6 3. Nxe5 Nxe4 4. Qe2 d5 5. d3 f6 6. Nf3 Qe7 7. dxe4 Qxe4 8.
Qxe4+ dxe4 9. Nd4 Bc5 10. Nb3 Bd6 11. Nc3 Be6 12. Nxe4 Bxb3 13. Nxd6+ cxd6 14.
axb3 O-O 15. Bc4+ Kh8 16. O-O Nd7 17. Be3 Rac8 18. Rxa7 Ne5 19. Rxb7 Nxc4 20.
bxc4 Rxc4 21. c3 1-0

[Event "AUTO-ADV-32"]
[Site "http://www.queenalice.com/game.php?id=8599"]
[Date "2005.4.2"]
[Round "1"]
[White "ashmaster"]
[Black "Boeing"]
[Result "0-1"]
[WhiteElo "1367"]
[BlackElo "1659"]

1. e4 e5 2. Nf3 d6 3. h3 a6 4. Be2 Nc6 5. O-O Nd4 6. c3 Nxf3+ 7. Bxf3 g6 8. d4
exd4 9. cxd4 Bh6 10. Bxh6 Nxh6 11. Nc3 Qg5 12. Qc1 Qxc1 13. Raxc1 O-O 14. Nd5 c6
15. Ne7+ Kg7 16. Nxc8 Raxc8 17. d5 f5 18. dxc6 bxc6 19. exf5 Nxf5 20. Rxc6 a5
21. Ra6 Rc5 22. Bg4 d5 23. Bxf5 Rxf5 24. Re1 d4 25. Re7+ Kh6 26. Raa7 d3 27.
Rxh7+ Kg5 28. h4+ Kf4 29. g3+ Kf3 30. Rhf7 Rxf7 31. Rxf7+ Ke2 32. Re7+ Kd2 33.
Kf1 Rc1+ 34. Kg2 Kc2 0-1

[Event "AUTO-ADV-32"]
[Site "http://www.queenalice.com/game.php?id=8600"]
[Date "2005.4.2"]
[Round "1"]
[White "Boeing"]
[Black "ashmaster"]
[Result "1-0"]
[WhiteElo "1663"]
[BlackElo "1359"]

1. e4 e5 2. c4 Bc5 3. d3 Nc6 4. h4 Qf6 5. Nf3 d6 6. Bg5 Qe6 7. Nc3 Bb4 8. g3
Bxc3+ 9. bxc3 f6 10. Bh3 Qf7 11. Bxc8 Rxc8 12. Be3 b6 13. h5 g6 14. hxg6 Qxg6
15. Nh4 Qf7 16. Nf5 Nge7 17. Nxe7 Qxe7 18. Qh5+ Qf7 19. Qf5 Ne7 20. Qg4 f5 21.
exf5 Qxf5 22. Qxf5 Nxf5 23. a4 Nxe3 24. fxe3 Ke7 25. Kd2 Rcg8 26. Rag1 h6 27. g4
Kf6 28. Rf1+ Ke6 29. Rhg1 h5 30. g5 Rh7 31. Rf6+ Ke7 32. Rh6 Rxh6 33. gxh6 1-0

[Event "AUTO-INT-04"]
[Site "http://www.queenalice.com/game.php?id=8834"]
[Date "2005.4.4"]
[Round "1"]
[White "ashmaster"]
[Black "pedrinhoIII"]
[Result "0-1"]
[WhiteElo "1302"]
[BlackElo "1620"]

1. e4 Nc6 2. d4 Nf6 3. Nc3 d5 4. exd5 Nxd5 5. Nxd5 Qxd5 6. Be3 Nb4 7. c3 Nxa2 8.
Qa4+ Bd7 9. Qxa2 Qxa2 10. Rxa2 Be6 11. Ra4 Bd7 12. Rb4 b6 13. Bb5 Bxb5 14. Rxb5
O-O-O 15. c4 e6 16. c5 a6 17. Rb3 bxc5 18. dxc5 Rd5 0-1

[Event "AUTO-INT-04"]
[Site "http://www.queenalice.com/game.php?id=8859"]
[Date "2005.4.4"]
[Round "1"]
[White "ryanwilson"]
[Black "ashmaster"]
[Result "1-0"]
[WhiteElo "1375"]
[BlackElo "1320"]

1. e4 e5 2. Nf3 Nf6 3. Nc3 Nc6 4. d4 exd4 5. Nxd4 Nxd4 6. Qxd4 c5 7. Qc4 b6 8.
Bd3 d6 9. Bg5 Be6 10. Qa4+ Bd7 11. Bb5 Bxb5 12. Qxb5+ Qd7 13. Bxf6 1-0

[Event "AUTO-INT-04"]
[Site "http://www.queenalice.com/game.php?id=8860"]
[Date "2005.4.4"]
[Round "1"]
[White "ashmaster"]
[Black "ryanwilson"]
[Result "0-1"]
[WhiteElo "1341"]
[BlackElo "1360"]

1. e4 e5 2. Nf3 Nc6 3. Bc4 Nf6 4. Nc3 Nd4 5. Ng5 d5 6. exd5 h6 7. Nge4 Be7 8.
Nxf6+ Bxf6 9. O-O Qd6 10. d3 a6 11. Be3 b5 0-1

[Event "AUTO-ADV-33"]
[Site "http://www.queenalice.com/game.php?id=8920"]
[Date "2005.4.5"]
[Round "1"]
[White "jiikoo"]
[Black "ashmaster"]
[Result "1-0"]
[WhiteElo "1727"]
[BlackElo "1421"]

1. e4 e5 2. Nf3 Nf6 3. Nc3 Nc6 4. d3 Bc5 5. Be2 O-O 6. O-O h6 7. Be3 Bxe3 8.
fxe3 Ng4 9. Qd2 d6 10. h3 Nf6 11. Nd5 Be6 12. Nxf6+ Qxf6 13. d4 Qe7 14. d5 Bd7
15. dxc6 Bxc6 16. Bd3 d5 17. exd5 Bxd5 18. e4 Be6 19. Nxe5 Qc5+ 20. Kh1 Qxe5 21.
b3 f5 22. Rae1 Rad8 23. exf5 1-0

[Event "AUTO-ADV-33"]
[Site "http://www.queenalice.com/game.php?id=8921"]
[Date "2005.4.5"]
[Round "1"]
[White "ashmaster"]
[Black "jiikoo"]
[Result "0-1"]
[WhiteElo "1417"]
[BlackElo "1749"]

1. e4 e5 2. Nf3 Nc6 3. Bb5 a6 4. Bxc6 bxc6 5. Nxe5 Qe7 6. d4 d6 7. Nxc6 Qxe4+ 8.
Qe2 Qxe2+ 9. Kxe2 Bb7 10. d5 Kd7 11. Nb4 a5 12. Nc6 Bxc6 13. dxc6+ Kxc6 14. a3
Re8+ 15. Be3 Nf6 16. b4 axb4 17. axb4 g6 18. Ra6+ Kd7 19. b5 Bh6 20. Ra7 Bxe3
21. fxe3 Nd5 22. Ra3 f5 0-1

[Event "AUTO-ADV-33"]
[Site "http://www.queenalice.com/game.php?id=8932"]
[Date "2005.4.5"]
[Round "1"]
[White "ashmaster"]
[Black "Boeing"]
[Result "0-1"]
[WhiteElo "1376"]
[BlackElo "1654"]

1. e4 Nf6 2. Nc3 d5 3. exd5 Nxd5 4. Nxd5 Qxd5 5. Nf3 Bg4 6. h3 Bxf3 7. Qxf3 Qe5+
8. Qe2 Qf5 9. Qb5+ Qxb5 10. Bxb5+ c6 11. Be2 Nd7 12. O-O O-O-O 13. d3 e5 14. Bg5
f6 15. Be3 a5 0-1

[Event "AUTO-ADV-33"]
[Site "http://www.queenalice.com/game.php?id=8933"]
[Date "2005.4.5"]
[Round "1"]
[White "Boeing"]
[Black "ashmaster"]
[Result "1-0"]
[WhiteElo "1667"]
[BlackElo "1353"]

1. e4 e5 2. Qh5 Qf6 3. d3 Bc5 4. Nf3 Nc6 5. Bg5 Qg6 6. Qh4 f6 7. Be3 Bxe3 8.
fxe3 Qh6 9. Nc3 Qxh4+ 10. Nxh4 g5 11. Nf5 d6 12. Ng7+ Kf7 13. Nf5 1-0

[Event "AUTO-OPEN-70"]
[Site "http://www.queenalice.com/game.php?id=8985"]
[Date "2005.4.5"]
[Round "1"]
[White "vinchent78"]
[Black "ashmaster"]
[Result "1-0"]
[WhiteElo "1636"]
[BlackElo "1241"]

1. d4 d5 2. c4 e6 3. Nf3 f6 4. e3 c5 5. cxd5 exd5 6. b3 cxd4 7. Nxd4 Bb4+ 8. Bd2
Bxd2+ 9. Nxd2 Ne7 10. Qh5+ g6 11. Qh6 Nf5 12. Nxf5 Bxf5 13. Qg7 Rf8 14. Qxb7 1-0

[Event "AUTO-OPEN-70"]
[Site "http://www.queenalice.com/game.php?id=8986"]
[Date "2005.4.5"]
[Round "1"]
[White "ashmaster"]
[Black "vinchent78"]
[Result "0-1"]
[WhiteElo "1347"]
[BlackElo "1638"]

1. e4 c6 2. d4 d5 3. Nc3 dxe4 4. Nxe4 Bf5 5. Qf3 e6 6. c3 Nd7 7. Bd3 Ngf6 8.
Nxf6+ Qxf6 9. Bxf5 exf5 10. Qe2+ Be7 11. Nf3 h6 12. O-O O-O 0-1

[Event "Challenge"]
[Site "http://www.queenalice.com/game.php?id=9017"]
[Date "2005.4.6"]
[Round "-"]
[White "ashmaster"]
[Black "Kasparrow"]
[Result "0-1"]
[WhiteElo "1166"]
[BlackElo "1467"]

1. e4 d6 2. d4 Nf6 3. Nc3 g6 4. Nf3 Bg7 5. Be3 O-O 6. Bd3 Nc6 7. h3 Nb4 8. a3
Nxd3+ 9. Qxd3 Bd7 10. O-O b6 11. Qd2 Bc6 0-1